Aku Bukannya Menyerah, Hanya Sedang Lelah / (Record no. 203966)
[ view plain ]
| 000 -LEADER | |
|---|---|
| fixed length control field | 01260nam a2200349 i 4500 |
| 005 - DATE AND TIME OF LATEST TRANSACTION | |
| control field | 20260421162809.0 |
| 008 - FIXED-LENGTH DATA ELEMENTS--GENERAL INFORMATION | |
| fixed length control field | 260421t20252024my a gr 000 0 may d |
| 020 ## - INTERNATIONAL STANDARD BOOK NUMBER | |
| International Standard Book Number | 9789673699391 |
| Terms of availability | RM28.00 |
| Qualifying information | paperback |
| 040 ## - CATALOGING SOURCE | |
| Original cataloging agency | PPAK |
| Language of cataloging | egn |
| Transcribing agency | PPAK |
| Description conventions | rda |
| 041 1# - LANGUAGE CODE | |
| Language code of text/sound track or separate title | may |
| Language code of original | kor |
| 082 04 - DEWEY DECIMAL CLASSIFICATION NUMBER | |
| Edition number | 23 |
| Classification number | 153.8 |
| 090 00 - LOCALLY ASSIGNED LC-TYPE CALL NUMBER (OCLC); LOCAL CALL NUMBER (RLIN) | |
| Classification number (OCLC) (R) ; Classification number, CALL (RLIN) (NR) | 153.8 |
| Feature heading | GEU |
| Feature heading | G |
| 100 0# - MAIN ENTRY--PERSONAL NAME | |
| Personal name | Geulbaewoo, |
| Relator term | author. |
| 245 10 - TITLE STATEMENT | |
| Title | Aku Bukannya Menyerah, Hanya Sedang Lelah / |
| Statement of responsibility, etc. | Geulbaewoo ; Editor: Puteri Balqis Amira ; Penterjemah: Rafiza Ab Rahman ; Penyunting: Hanz Jamaluddin |
| 250 ## - EDITION STATEMENT | |
| Edition statement | EDISI BAHASA MELAYU |
| 264 #1 - PRODUCTION, PUBLICATION, DISTRIBUTION, MANUFACTURE, AND COPYRIGHT NOTICE | |
| Place of production, publication, distribution, manufacture | Batu Caves, Selangor : |
| Name of producer, publisher, distributor, manufacturer | PTS PUBLISHING HOUSE SENDIRIAN BERHAD, |
| Date of production, publication, distribution, manufacture, or copyright notice | 2025 |
| Date of production, publication, distribution, manufacture, or copyright notice | ©2024 |
| 300 ## - PHYSICAL DESCRIPTION | |
| Extent | x, 267 pages : |
| Other physical details | illustrations ; |
| Dimensions | 21 cm |
| 336 ## - CONTENT TYPE | |
| Content type term | text |
| Source | rdacontent |
| 337 ## - MEDIA TYPE | |
| Media type term | unmediated |
| Source | rdamedia |
| 338 ## - CARRIER TYPE | |
| Carrier type term | volume |
| Source | rdacarrier |
| 490 1# - SERIES STATEMENT | |
| Linkage | 880-01 |
| Series statement | GWENCHANA SERIES |
| 650 10 - SUBJECT ADDED ENTRY--TOPICAL TERM | |
| Topical term or geographic name entry element | Motivation (Psychology) |
| Topical term or geographic name entry element | Personality and motivation |
| Topical term or geographic name entry element | Conduct of life |
| 700 0# - ADDED ENTRY--PERSONAL NAME | |
| Personal name | Puteri Balqis Amira, |
| Relator term | editor. |
| Personal name | Rafiza Ab Rahman, |
| Relator term | illustrator. |
| Personal name | Hanz Jamaluddin, |
| Relator term | editor. |
| 830 #0 - SERIES ADDED ENTRY--UNIFORM TITLE | |
| Uniform title | Gwenchana series |
| 880 1# - ALTERNATE GRAPHIC REPRESENTATION | |
| Linkage | 490-01/ $1 |
| a | 그웬차나 시리즈 |
| 942 ## - ADDED ENTRY ELEMENTS (KOHA) | |
| Source of classification or shelving scheme | Dewey Decimal Classification |
| Koha item type | Book |
| Withdrawn | Not for loan | Current library | Shelving location | Date acquired | Total Checkouts | Full call number | Barcode | Date last seen | Koha item type |
|---|---|---|---|---|---|---|---|---|---|
| Perpustakaan Alor Setar | Pinjaman Dewasa | 30/04/2026 | 153.8 GEU | A01913369 | 30/04/2026 | Book | |||
| Perpustakaan Awam Sungai Petani | Pinjaman Dewasa | 30/04/2026 | 153.8 GEU | A01913370 | 30/04/2026 | Book | |||
| Perpustakaan Baling | Pinjaman Dewasa | 30/04/2026 | 153.8 GEU | A01913374 | 30/04/2026 | Book | |||
| Perpustakaan Bandar Baharu | Pinjaman Dewasa | 30/04/2026 | 153.8 GEU | A01913375 | 30/04/2026 | Book | |||
| Perpustakaan Jitra | Pinjaman Dewasa | 30/04/2026 | 153.8 GEU | A01913371 | 30/04/2026 | Book | |||
| Perpustakaan Kuala Nerang | Pinjaman Dewasa | 30/04/2026 | 153.8 GEU | A01913379 | 30/04/2026 | Book | |||
| Perpustakaan Kulim | Pinjaman Dewasa | 30/04/2026 | 153.8 GEU | A01913373 | 30/04/2026 | Book | |||
| Perpustakaan Langkawi | Pinjaman Dewasa | 30/04/2026 | 153.8 GEU | A01913372 | 30/04/2026 | Book | |||
| Perpustakaan Merbok | Pinjaman Dewasa | 30/04/2026 | 153.8 GEU | A01913376 | 30/04/2026 | Book | |||
| Perpustakaan Sik | Pinjaman Dewasa | 30/04/2026 | 153.8 GEU | A01913378 | 30/04/2026 | Book | |||
| Perpustakaan Yan | Pinjaman Dewasa | 30/04/2026 | 153.8 GEU | A01913377 | 30/04/2026 | Book | |||
| PD05, Kg. Lindungan Raja, Kulim | Pinjaman Dewasa | 30/04/2026 | 153.8 GEU | A01913380 | 30/04/2026 | Book | |||
| PD18, Kg. Wang Tepus, Jitra | Pinjaman Dewasa | 30/04/2026 | 153.8 GEU | A01913381 | 30/04/2026 | Book | |||
| PD30, Bandar Baru Beris Jaya, Sik | Pinjaman Dewasa | 30/04/2026 | 153.8 GEU | A01913382 | 30/04/2026 | Book | |||
| PD33, Kg. Belau, Merbok | Pinjaman Dewasa | 30/04/2026 | 153.8 GEU | A01913383 | 30/04/2026 | Book | |||
| PD34, Kg. Pantai Prai | Pinjaman Dewasa | 30/04/2026 | 153.8 GEU | A01913384 | 30/04/2026 | Book |